ARRUPE JESUIT UNIVERSITY

CORONAVIRUS -STOP THE SPREAD - CLEAN,DISINFECT,COVER

Economic growth / (Record no. 127821)

MARC details
000 -LEADER
fixed length control field 01114cam a2200313 a 4500
001 - CONTROL NUMBER
control field 3963524
003 - CONTROL NUMBER IDENTIFIER
control field ARRUPE
005 - DATE AND TIME OF LATEST TRANSACTION
control field 20180328101024.0
008 - FIXED-LENGTH DATA ELEMENTS--GENERAL INFORMATION
fixed length control field 941028s1995 nyuab b 001 0 eng d
010 ## - LIBRARY OF CONGRESS CONTROL NUMBER
LC control number 94073060
020 ## - INTERNATIONAL STANDARD BOOK NUMBER
International Standard Book Number 0070036977
035 ## - SYSTEM CONTROL NUMBER
System control number (OCoLC)31751952
040 ## - CATALOGING SOURCE
Original cataloging agency DFR
Transcribing agency DFR
Modifying agency DLC
042 ## - AUTHENTICATION CODE
Authentication code lccopycat
050 00 - LIBRARY OF CONGRESS CALL NUMBER
Classification number HD75.5
Item number .B37 1995
300 ## - PHYSICAL DESCRIPTION
Dimensions 24 cm.
100 1# - MAIN ENTRY--PERSONAL NAME
Personal name Barro, Robert J.
9 (RLIN) 41125
245 10 - TITLE STATEMENT
Title Economic growth /
Statement of responsibility, etc Robert J. Barro and Xavier Sala-i-Martin.
260 ## - PUBLICATION, DISTRIBUTION, ETC. (IMPRINT)
Place of publication, distribution, etc Cambridge :
Name of publisher, distributor, etc The MIT Press
Date of publication, distribution, etc c1995.
300 ## - PHYSICAL DESCRIPTION
Extent xviii, 539 p. :
440 #0 - SERIES STATEMENT/ADDED ENTRY--TITLE
Title McGraw-Hill advanced series in economics
9 (RLIN) 41126
504 ## - BIBLIOGRAPHY, ETC. NOTE
Bibliography, etc Includes bibliographical references (p. 518-527) and index.
650 #0 - SUBJECT ADDED ENTRY--TOPICAL TERM
Topical term or geographic name as entry element Economic development
General subdivision Mathematical models.
9 (RLIN) 41127
700 2# - ADDED ENTRY--PERSONAL NAME
Personal name Sala-i-Martin, Xavier.
9 (RLIN) 41128
906 ## - LOCAL DATA ELEMENT F, LDF (RLIN)
a 7
b cbc
c copycat
d 3
e opcn
f 19
g y-gencatlg
942 ## - ADDED ENTRY ELEMENTS (KOHA)
Source of classification or shelving scheme Library of Congress Classification
Koha item type Monograph ( Printed materials)
Holdings
Withdrawn status Lost status Source of classification or shelving scheme Damaged status Not for loan Collection code Home library Current library Shelving location Date acquired Total Checkouts Full call number Barcode Date last seen Price effective from Koha item type
    Library of Congress Classification     Main Collection ARRUPE LIBRARY ARRUPE LIBRARY Main Collection 28/03/2018   HD75.5 .B37 1995 46600001950 28/03/2018 28/03/2018 Monograph ( Printed materials)

 

Arrupe Library. PO Box MP320 Mt Pleasant, Harare, Zimbabwe
263 242 745411|librarian@aju.ac.zw